000 00816nam a2200229 a 4500
001 24874
003 CO-ViMGA
005 20230915232022.0
008 141112s2004 ck r 000 u spa d
020 _a9789701512586
040 _aCO-ViMGA
_bspa
_cCO-ViMGA
082 0 4 _a621.3 R84e
100 1 _aRuiz Vassallo, Francisco.
_937192
245 1 0 _aElectrónica digital fácil :
_bpara electricistas y técnicos de mantemiento /
_cFrancisco Ruiz Vassallo.
260 _aMéxico :
_bAlfaomega,
_c2007.
300 _axvii, 377 p. : il. ; 23 cm.
490 _aAlfaomega ; 1258
650 1 4 _aIngeniería eléctrica.
942 _2ddc
_cBK
949 _an n
999 _c32673
_d32673